[Event "AUTO-MASTER-3300"]
[Site "http://www.queenalice.com/game.php?id=1871451"]
[Date "2026.4.5"]
[Round "1"]
[White "Mistakesrme"]
[Black "Jsc"]
[Result "1-0"]
[WhiteElo "2125"]
[BlackElo "2026"]

1. c4 e5 2. g3 c6 3. d4 exd4 4. Qxd4 Nf6 5. Bg2 h6 6. Nf3 d5 7. O-O Be6 8. cxd5
Nxd5 9. a3 a5 10. Rd1 Nd7 11. e4 N5b6 12. Nc3 Qf6 13. e5 Qe7 14. Be3 Qc5 15. Qd2
Qc4 16. Qc2 Nd5 17. Rac1 Nxe3 18. fxe3 Bc5 19. Nd4 Nxe5 20. b3 Qa6 21. Ncb5 cxb5
22. Qxc5 Nd7 23. Qxb5 Qxb5 24. Nxb5 O-O 25. Nc7 Bxb3 26. Nxa8 Bxd1 27. Rxd1 1-0

[Event "AUTO-MASTER-3303"]
[Site "http://www.queenalice.com/game.php?id=1872335"]
[Date "2026.4.23"]
[Round "1"]
[White "Mistakesrme"]
[Black "chessman"]
[Result "1-0"]
[WhiteElo "2082"]
[BlackElo "2044"]

1. c4 c6 2. g3 d5 3. Nf3 Nf6 4. Bg2 e6 5. O-O Be7 6. b3 O-O 7. Bb2 Nbd7 8. d4
Ne4 9. Nfd2 Nxd2 10. Nxd2 Nf6 11. e4 dxe4 12. Nxe4 Nxe4 13. Bxe4 Bf6 14. Qd2 Qc7
15. Rad1 a6 16. Qc2 h6 17. d5 cxd5 18. Bxf6 gxf6 19. cxd5 exd5 20. Qxc7 1-0

[Event "AUTO-MASTER-3303"]
[Site "http://www.queenalice.com/game.php?id=1872336"]
[Date "2026.4.23"]
[Round "1"]
[White "chessman"]
[Black "Mistakesrme"]
[Result "0-1"]
[WhiteElo "2133"]
[BlackElo "2111"]

1. e4 e6 2. d4 d5 3. e5 c5 4. c3 Qb6 5. Nf3 Nc6 6. Bd3 Bd7 7. Bc2 cxd4 8. cxd4
Nb4 9. Bb3 Qa6 10. Nc3 Nd3+ 11. Kd2 Nxf2 12. Qf1 Nxh1 13. Qxh1 Bb4 14. Qe1 Rc8
15. Ke3 Ne7 16. Bd2 Nf5+ 17. Kf2 Qd3 18. Qe2 Qxe2+ 19. Kxe2 O-O 20. g4 Ne7 21.
h4 a6 22. Rg1 Nc6 23. g5 g6 24. a3 Be7 25. Be3 Na5 26. Ba2 Nc4 27. Bc1 b5 28.
Nh2 Nxa3 29. Ng4 Be8 30. Nxd5 exd5 31. Bxd5 Nc2 32. Be3 Nxe3 33. Kxe3 Bd7 34.
Nf6+ Bxf6 35. gxf6 Be6 36. Bxe6 fxe6 37. h5 Kf7 38. hxg6+ hxg6 0-1

[Event "AUTO-MASTER-3303"]
[Site "http://www.queenalice.com/game.php?id=1872339"]
[Date "2026.4.23"]
[Round "1"]
[White "Mistakesrme"]
[Black "maurice916"]
[Result "1-0"]
[WhiteElo "2113"]
[BlackElo "1887"]

1. c4 c6 2. g3 d5 3. Nf3 Nf6 4. Bg2 g6 5. O-O Bg7 6. d4 O-O 7. Re1 Na6 8. cxd5
Nxd5 9. Nc3 Bf5 10. e4 Nxc3 11. bxc3 Bd7 12. Rb1 b6 13. Qa4 Qc8 14. Qc2 Nc7 15.
Bf4 Ne6 16. Be3 Rb8 17. a4 Nc7 18. Nd2 Ne8 19. f4 c5 20. e5 cxd4 21. Bxd4 e6 22.
Ne4 Kh8 23. Nf6 Bc6 24. Re3 Bxg2 25. Qxg2 Nc7 26. c4 Ne8 27. Rc1 Qb7 28. Qh3
Bxf6 29. exf6 Rg8 30. g4 Rd8 31. Qxh7+ Kxh7 32. Rh3# 1-0

[Event "AUTO-MASTER-3303"]
[Site "http://www.queenalice.com/game.php?id=1872340"]
[Date "2026.4.23"]
[Round "1"]
[White "maurice916"]
[Black "Mistakesrme"]
[Result "1/2-1/2"]
[WhiteElo "1894"]
[BlackElo "2118"]

1. Nf3 e6 2. c4 f5 3. Nc3 Nf6 4. b3 d6 5. Bb2 e5 6. d3 Be7 7. h3 O-O 8. e3 b6 9.
Nd2 Bb7 10. Be2 Nc6 11. O-O Qe8 12. Nd5 Bd8 13. f4 g6 14. e4 Nxd5 15. cxd5 Nd4
16. Bxd4 exd4 17. Bf3 fxe4 18. Bxe4 Bc8 19. Re1 Qf7 20. Rf1 Bf5 21. Nf3 Bxe4 22.
dxe4 Qxf4 23. Qxd4 Bf6 24. e5 Bxe5 25. Qxf4 Bxf4 26. Kh1 Rae8 27. Rf2 Be3 28.
Re2 Bc5 29. Rae1 Rxe2 30. Rxe2 h6 31. Re7 Rf7 32. Re6 Kg7 33. h4 a5 34. Kh2 Rf5
35. Re7+ Rf7 1/2-1/2